000 01342nam a22001937a 4500
005 20260224094653.0
008 240116s2022 xxk|||||o|||| 00| 0 eng d
041 _aeng
110 _aRoyal Institution of Chartered Surveyors
245 _aRICS Sanctions Policy:
_bSupplement 1 Sanction Guidelines version 8
_h[Electronic resource]
260 _aLondon,
_bRoyal Institution of Chartered Surveyors,
_c2022
500 _awith effect from 2 February 2022
520 _aThese guidelines provide further guidance to that contained in the Sanctions Policy. They are designed to supplement the guidance set out in the Sanctions Policy, and do not replace or override it. This document sets out guidelines about some specific Rules where further information may be helpful. They do not cover every Rule and are not intended to do so. The guidelines provide a framework to assist the decision-maker in deciding upon the most appropriate level of Sanction (if any), and list mitigating and aggravating factors that may be applicable to a particular type of Rule breach
651 _aUnited Kingdom
690 _96277
_aRICS
710 _aRoyal Institution of Chartered Surveyors
856 _uhttps://www.rics.org/content/dam/ricsglobal/documents/regulation/rics-sanctions-policy-supplement-1.pdf
_zAvailable free on RICS.org
942 _n0
999 _c121772
_d121772